Marjam, Isa [dan] Muhammad. (Record no. 88673)
[ view plain ]
| 000 -LEADER | |
|---|---|
| fixed length control field | 00672cam a22002411 4500 |
| 001 - CONTROL NUMBER | |
| control field | sa 68018836 |
| 003 - CONTROL NUMBER IDENTIFIER | |
| control field | DLC |
| 005 - DATE AND TIME OF LATEST TRANSACTION | |
| control field | 20260227112715.0 |
| 008 - FIXED-LENGTH DATA ELEMENTS--GENERAL INFORMATION | |
| fixed length control field | 720728s1966 xx 000 0 ind |
| 010 ## - LIBRARY OF CONGRESS CONTROL NUMBER | |
| LC control number | sa 68018836 |
| 035 ## - SYSTEM CONTROL NUMBER | |
| System control number | (OCoLC)368210 |
| 040 ## - CATALOGING SOURCE | |
| Original cataloging agency | DLC |
| Transcribing agency | OAU |
| Modifying agency | DLC |
| 042 ## - AUTHENTICATION CODE | |
| Authentication code | premarc |
| 050 00 - LIBRARY OF CONGRESS CALL NUMBER | |
| Classification number | BL72 |
| Item number | .A75 |
| 100 1# - MAIN ENTRY--PERSONAL NAME | |
| Personal name | Arifin, Bey. |
| 245 10 - TITLE STATEMENT | |
| Title | Marjam, Isa [dan] Muhammad. |
| 250 ## - EDITION STATEMENT | |
| Edition statement | Tjet. 1. [i. e. 4.] |
| Remainder of edition statement | setelah disempurnakan dan ditambah. |
| 260 ## - PUBLICATION, DISTRIBUTION, ETC. | |
| Place of publication, distribution, etc. | Bandung, |
| Name of publisher, distributor, etc. | U. H. Mansoor |
| Date of publication, distribution, etc. | [1966] |
| 300 ## - PHYSICAL DESCRIPTION | |
| Extent | 164 p. |
| Other physical details | illus. |
| Dimensions | 22 cm. |
| 600 00 - SUBJECT ADDED ENTRY--PERSONAL NAME | |
| Personal name | Mary, |
| Titles and other words associated with a name | Blessed Virgin, Saint. |
| 600 00 - SUBJECT ADDED ENTRY--PERSONAL NAME | |
| Personal name | Jesus Christ. |
| 600 00 - SUBJECT ADDED ENTRY--PERSONAL NAME | |
| Personal name | Muḥammad, |
| Titles and other words associated with a name | Prophet, |
| Dates associated with a name | -632. |
No items available.